[Event "WSB Masters"]
[Site "Wroclaw POL"]
[Date "2006.05.02"]
[Round "9"]
[White "Swicarz,M"]
[Black "Kochetkov,G"]
[Result "0-1"]
[WhiteElo "2273"]
[BlackElo "2364"]

1.e4 c5 2.Nc3 Nc6 3.Bb5 Na5 4.Nf3 a6 5.Be2 b5 6.d4 cxd4 7.Nxd4 Bb7 8.Bf3 e6
9.O-O Qc7 10.Re1 Bb4 11.Bd2 Bd6 12.e5 Bxe5 13.Nd5 Bxd5 14.Bxa5 Bxh2+ 15.Kh1 Qxa5
16.Bxd5 O-O-O 17.Bf3 Bb8 18.a4 Qc7 19.Kg1 e5 20.Nf5 d5 21.axb5 axb5 22.Ra3 b4
23.Bg4 Rd7 24.Rd3 h5 25.Bh3 g5 26.Nd6+ Qxd6 27.Rxd5 g4 28.Rxd6 Bxd6 29.Qd5 Ne7
30.Qa8+ Bb8 31.Re4 Ra7 32.Rc4+ Kd7 33.Qe4 Bd6 34.g3 gxh3 35.Kh2 f5 36.Qe2 Ra2
37.c3 h4 38.g4 bxc3 39.Rxc3 Rb8 40.Rc2 Rb3 41.f3 e4+ 42.Kxh3 Ng6 43.Qc4 Rxf3+
44.Kg2 Nf4+ 45.Kh2 Rh3+ 46.Kg1 Ra1+ 47.Kf2 Rf3+  0-1

[Event "WSB Masters"]
[Site "Wroclaw POL"]
[Date "2006.05.02"]
[Round "10"]
[White "Zeberski,J"]
[Black "Kochetkov,G"]
[Result "1/2-1/2"]
[WhiteElo "2422"]
[BlackElo "2364"]

1.e4 c5 2.Nf3 Nc6 3.Nc3 e5 4.Bc4 Be7 5.d3 h6 6.Nd2 Bg5 7.Nf1 Bxc1 8.Rxc1 Nf6
9.Ne3 d6 10.O-O O-O 11.Ned5  1/2-1/2

[Event "President's Cup"]
[Site "Baku AZE"]
[Date "2006.05.04"]
[Round "1"]
[White "Guseinov,G"]
[Black "Umudova,N"]
[Result "1-0"]
[WhiteElo "2615"]
[BlackElo "2176"]

1.e4 c5 2.Nf3 Nc6 3.Nc3 Nf6 4.Bb5 d6 5.e5 Ng4 6.exd6 exd6 7.O-O Be7 8.d4 Bd7
9.Nd5 O-O 10.Bf4 cxd4 11.Nxd4 Bf6 12.c3 Be5 13.Be2 Nxd4 14.Bxg4 Ne6 15.Bxe6 Bxe6
16.Bg3 Qa5 17.Nb4 Rad8 18.f4 Bf6 19.Bf2 Bc4 20.Re1 Qf5 21.Qd2 a6 22.Nc2 h5
23.Bd4 h4 24.Ne3 Qd3 25.Qxd3 Bxd3 26.Bxf6 gxf6 27.Rad1 Be4 28.Ng4 Bc6 29.Nxf6+ Kg7
30.Nd5 Kh6 31.Ne7 Kh5 32.Kf2 Kg4 33.Rd4 f5 34.Re6 Be4 35.h3+ Kh5 36.Nd5 Bxd5
37.Rxd5  1-0

[Event "IV Regina Helena Marques Prol"]
[Site "Santos BRA"]
[Date "2006.05.04"]
[Round "8"]
[White "Van Riemsdijk,H"]
[Black "Stamenkovic,Dr"]
[Result "1-0"]
[WhiteElo "2349"]
[BlackElo "2334"]

1.e4 c5 2.Nf3 Nc6 3.Nc3 g6 4.d4 cxd4 5.Nxd4 Bg7 6.Be3 Nf6 7.Bc4 Qa5 8.O-O O-O
9.Bb3 d6 10.h3 Bd7 11.f4 Nxd4 12.Bxd4 Bc6 13.Nd5 Bxd5 14.exd5 Nd7 15.Bxg7 Kxg7
16.Qd4+ Kg8 17.Rae1 Rfe8 18.Re3 Qc5 19.Qd2 b5 20.Kh2 a5 21.a3 Ra7 22.Rfe1 Nb6
23.f5 Kg7 24.f6+ Kxf6 25.Rc3 Nc4 26.Bxc4 bxc4 27.Qh6 e5 28.Rf1+ Ke7 29.Rxf7+ Kd8
30.Rxa7 Qxa7 31.Qh4+ Re7 32.Qxc4 Qb7 33.Rb3 Qc8 34.Qa4 Ra7 35.Rf3 Qc5 36.Qh4+ Ke8
37.Qf6 Re7 38.Qh8+ Kd7 39.Rc3 e4 40.Rxc5 dxc5 41.Kg1 e3 42.Kf1  1-0

[Event "Open B"]
[Site "Djakovo CRO"]
[Date "2006.05.05"]
[Round "8"]
[White "Grobelsek,A"]
[Black "Ribicic,M"]
[Result "0-1"]
[WhiteElo "2113"]
[BlackElo "2204"]

1.e4 c5 2.Nc3 Nc6 3.Bb5 g6 4.Bxc6 bxc6 5.d3 Bg7 6.f4 d6 7.Nf3 Nh6 8.O-O O-O
9.Qe1 Qb6 10.Qh4 f5 11.e5 Re8 12.Re1 Ba6 13.h3 Nf7 14.g4 fxg4 15.hxg4 dxe5
16.fxe5 c4+ 17.Kg2 e6 18.Rh1 h5 19.Ne4 Nxe5 20.Nxe5 Bxe5 21.Nf6+ Bxf6 22.Qxf6 Qb7
23.Qxg6+ Qg7 24.Qxh5 c5 25.Bh6 Bb7+ 26.Kh3 Qf7 27.Qg5+ Kh7 28.Rhf1 Qg6 29.Qxg6+ Kxg6
30.g5 cxd3 31.Rf6+ Kh5 32.cxd3 Rad8 33.Rd1 Rd4 34.Rd2 c4 35.Rf7 Rxd3+ 36.Rxd3 cxd3
37.Rd7 Bd5 38.Rh7 d2 39.Bf8+ Kg6 40.Kh4  0-1

[Event "RC SPORT Open"]
[Site "Usti nad Orlici CZE"]
[Date "2006.05.05"]
[Round "8"]
[White "Friml,A"]
[Black "Karlik,V"]
[Result "0-1"]
[WhiteElo "2189"]
[BlackElo "2293"]

1.e4 c5 2.Nf3 Nc6 3.Nc3 g6 4.d4 cxd4 5.Nxd4 Bg7 6.Be3 Nf6 7.Be2 O-O 8.f4 d6
9.O-O Qb6 10.Rb1 Nxe4 11.Nf5 Nxc3 12.bxc3 Qa5 13.Nxg7 Kxg7 14.f5 Bxf5 15.Qd2 Kh8
16.Bh6 Rg8 17.Rxb7 Rab8 18.Rxb8 Rxb8 19.h3 Qxa2 20.Bf3 Ne5 21.Bd5 Qxc2 22.Qd4 Qd3
23.Qxa7 Re8 24.Qa2 e6 25.Qa4 Rc8 26.Qh4 Nd7 27.Bc6 g5 28.Qa4 Qe3+ 29.Kh1 Nf6
30.Qa6 Rc7 31.Qa8+ Ng8 32.Qd8 Rxc6 33.Qe8 Qxc3 34.Bxg5 Rc8 35.Qd7 Qc7 36.Qa4 Qc4
37.Qa1+ Qc3 38.Qa7 Qg7 39.Be3 Rc2 40.Bf2 Be4 41.Rg1 Rc1 42.Qd4 Rxg1+  0-1

[Event "IV Regina Helena Marques Prol"]
[Site "Santos BRA"]
[Date "2006.05.06"]
[Round "10"]
[White "Larrea,M"]
[Black "Stamenkovic,Dr"]
[Result "1/2-1/2"]
[WhiteElo "2278"]
[BlackElo "2334"]

1.e4 c5 2.Nc3 Nc6 3.Bb5 Nd4 4.Bc4 g6 5.Nf3 Bg7 6.Nxd4 cxd4 7.Qf3 Nh6 8.d3 Qa5
9.Bxh6 O-O 10.Bxg7 Kxg7 11.a3 dxc3 12.b4 Qg5 13.O-O b5 14.Bd5 Rb8 15.Qe2 Bb7
16.f4 Qf6 17.Bb3 a5 18.bxa5 Qd4+ 19.Qf2 Qxf2+ 20.Kxf2 Ra8 21.a4 Rxa5 22.axb5 Rxb5
23.Ra4 Rb8 24.Rfa1 e6 25.Ke3 d5 26.Ra5 Rb4 27.exd5 exd5 28.Bxd5 Re8+ 29.Kf3 Bxd5+
30.Rxd5 Rb2 31.Rc1 Rc8 32.Ke3 Re8+ 33.Re5 Rd8 34.Rc5 Re8+ 35.Kf2 Rb4 36.g3 Rb7
37.Re1 Rxe1 38.Kxe1 Rb1+ 39.Kf2 Rh1 40.Kg2 Rd1 41.Rxc3 Rd2+ 42.Kf3 Rxh2 43.d4 f5
44.d5 Kf6 45.Rc7 h5 46.c4 h4 47.gxh4 Rh3+ 48.Ke2 Rxh4 49.Rc6+ Ke7 50.Ke3 Rh3+
51.Kd4 Rf3 52.Rxg6 Rxf4+ 53.Kc5 Re4 54.d6+ Kf7 55.Rh6 f4 56.Rh7+ Ke8 57.Kd5 Re2
58.c5 f3 59.c6 Rd2+ 60.Kc5 f2 61.d7+ Kd8 62.Rh8+ Ke7 63.Rh1 Kd8 64.Ra1 Kc7
65.Ra7+ Kd8 66.Ra8+ Ke7 67.Ra1 Kd8 68.Kb6 Rb2+ 69.Kc5 Rd2  1/2-1/2

[Event "RC SPORT Open"]
[Site "Usti nad Orlici CZE"]
[Date "2006.05.06"]
[Round "9"]
[White "Kanovsky,D"]
[Black "Holasek,P"]
[Result "1-0"]
[WhiteElo "2352"]
[BlackElo "2113"]

1.e4 c5 2.Nf3 Nc6 3.Nc3 Nf6 4.e5 Ng4 5.Qe2 d6 6.exd6 e6 7.Nb5 Bxd6 8.Nxd6+ Qxd6
9.h3 Nf6 10.g3 e5 11.d3 O-O 12.Bg2 Re8 13.O-O Be6 14.Ng5 Bd5 15.Ne4 Nxe4
16.dxe4 Be6 17.c3 Rad8 18.Be3 b6 19.Rfc1 Re7 20.Bf1 Red7 21.Qc2 Na5 22.b3 Nc6
23.Kh2 f6 24.Be2 Kf7 25.Bb5 Rc7 26.Rd1 Qe7 27.Qe2 Nb8 28.Rxd8 Qxd8 29.Rd1 Qe7
30.f4 Kg8 31.Qd3 Rc8 32.h4 Qc7 33.f5 Bf7 34.g4 a6 35.Bc4 Bxc4 36.Qxc4+ Kf8
37.g5 Rd8 38.Rg1 Qf7 39.Qe2 Ke7 40.h5 Kd7 41.Rd1+ Kc7 42.Rxd8 Kxd8 43.g6 Qg8
44.Kg3 h6 45.Qd3+ Ke7 46.Kf3 Qc8 47.Qd5 Qd7 48.Qf7+ Kd6 49.Qxd7+ Kxd7 50.Bxh6  1-0

[Event "4th TCh-SCG"]
[Site "Vrnjacka Banja SCG"]
[Date "2006.05.07"]
[Round "7"]
[White "Popovic T.,M"]
[Black "Stajic,P"]
[Result "1-0"]
[WhiteElo "2353"]
[BlackElo "2199"]

1.e4 c5 2.Nc3 Nc6 3.Bb5 g6 4.Bxc6 dxc6 5.d3 Bg7 6.f4 Nf6 7.Nf3 Bg4 8.O-O O-O
9.Be3 b6 10.Kh1 Qd7 11.Qe1 Bxf3 12.Rxf3 Ng4 13.Bg1 Rfe8 14.a4 Bd4 15.h3 Bxg1
16.hxg4 Bd4 17.Qh4 f6 18.f5 g5 19.Qh5 e6 20.fxe6 Qxe6 21.Raf1 Qf7 22.Nd1 Qxh5+
23.gxh5 Re6 24.c3 Be5 25.Ne3 Rd8 26.Ng4 Rd7 27.h6 Rf7 28.Nxe5 Rxe5 29.Rxf6 Rxf6
30.Rxf6 Re7 31.Rxc6  1-0

[Event "4th TCh-SCG"]
[Site "Vrnjacka Banja SCG"]
[Date "2006.05.07"]
[Round "7"]
[White "Kontic,D"]
[Black "Pavlovic,Neb"]
[Result "1-0"]
[WhiteElo "2355"]
[BlackElo "2335"]

1.e4 c5 2.Ne2 Nc6 3.Nbc3 Nf6 4.d4 cxd4 5.Nxd4 d6 6.Bc4 e6 7.Be3 Be7 8.Qe2 a6
9.O-O-O Qc7 10.Bb3 O-O 11.g4 Na5 12.g5 Nxb3+ 13.axb3 Nd7 14.g6 hxg6 15.h4 Nf6
16.h5 g5 17.Bxg5 b5 18.Rdg1 b4 19.Bh6 bxc3 20.Bxg7 Kh7 21.Qe3 Ng8 22.Qg3 Nf6
23.Bxf8 Bxf8 24.h6  1-0

[Event "ch-UKR sf"]
[Site "Alushta UKR"]
[Date "2006.05.13"]
[Round "1"]
[White "Shepotilo,V"]
[Black "Tukhaev,A"]
[Result "1/2-1/2"]
[WhiteElo "2219"]
[BlackElo "2466"]

1.e4 c5 2.Nc3 Nc6 3.Nf3 e5 4.Bc4 d6 5.d3 Be7 6.a3 Nf6 7.Ba2 O-O 8.h3 h6 9.Bd2 Re8
10.g4 Nh7 11.Nd5 Be6 12.c3 b5 13.Qe2 Rb8 14.Kf1 Bf8 15.Kg2 Ne7 16.Ne3 Ng6
17.Nf5 Nf4+ 18.Bxf4 exf4 19.Kh2 g6 20.N5h4 Bg7 21.Bxe6 Rxe6 22.Ng2 g5 23.Nd2 d5
24.f3 c4 25.d4 Qc7 26.Rhe1 Rbe8 27.Kg1 Nf6 28.e5 Nd7 29.Qd1 Qc6 30.Qc2 a5
31.h4 Qb6 32.Kf1 b4 33.axb4 axb4 34.Qa4 Nb8 35.Qa5 bxc3 36.bxc3 Qb7 37.Reb1 Qd7
38.Qa7 Qd8 39.Qa5 Nc6 40.Qxd8 Rxd8 41.Rb5 f6 42.exf6 Bxf6 43.Re1 Rxe1+ 44.Kxe1 Kf7
45.h5 Ke6 46.Kd1 Ra8 47.Rb6 Kd6 48.Ne1 Bd8 49.Rb7 Ba5 50.Nb1 Bc7 51.Nc2 Ra7
52.Rxa7 Nxa7 53.Nca3 Kc6 54.Kc2 Ba5 55.Kb2 Nc8 56.Nd2 Nb6 57.Nab1 Na4+ 58.Kc2 Nb6
59.Nf1 Kb5 60.Nfd2 Ka4 61.Nf1 Nc8 62.Nfd2 Nd6 63.Kb2 Nb5 64.Kc2 Bd8 65.Kb2 Bf6
66.Kc1 Nxd4 67.cxd4 Bxd4 68.Kc2 Kb4 69.Nf1 c3 70.Nh2 Be5 71.Nf1 Kc4 72.Na3+ Kb4
73.Nb1 Bf6 74.Nh2 Kc4 75.Na3+ Kb4 76.Nb1 d4 77.Nf1 Kc4 78.Na3+ Kb4 79.Nb1 Be7
80.Nfd2 cxd2 81.Nxd2 Bf6 82.Kd3 Ka3 83.Nc4+ Kb3 84.Nd6 Bg7 85.Nf5 Bf8 86.Nxd4+ Kb4
87.Ne6 Be7 88.Ke4 Kc3 89.Nxf4 gxf4 90.Kxf4 Kd4 91.Kf5 Kd5 92.f4 Bd6 93.g5 Bxf4
94.Kxf4 Ke6 95.g6 Kf6 96.Ke3 Kg7 97.Kd4 Kh8 98.Ke5 Kg7 99.Ke6 Kh8 100.Ke7 Kg7
101.Ke8 Kg8 102.Ke7 Kg7 103.Ke6 Kh8 104.Kf6 Kg8 105.g7 Kh7 106.Kf7  1/2-1/2

[Event "1st Open"]
[Site "Sofia BUL"]
[Date "2006.05.13"]
[Round "4"]
[White "Nikolov,M"]
[Black "Jordanov,Nikolay"]
[Result "1/2-1/2"]
[WhiteElo "2451"]
[BlackElo "2235"]

1.e4 c5 2.Nc3 Nc6 3.Bb5 d6 4.Bxc6+ bxc6 5.d3 e5 6.f4 exf4 7.Bxf4 Rb8 8.Rb1 Be7
9.Nf3 Nf6 10.O-O O-O 11.e5 Nd5 12.exd6 Bxd6 13.Bxd6 Qxd6 14.Qe1 Bg4 15.Qe5 Qd7
16.Ne4 f6 17.Qg3 c4 18.dxc4 Ne3 19.Rfe1 Nxc2 20.Re2 Bxf3 21.gxf3 Qd4+ 22.Qf2 Qxf2+
23.Kxf2 Nb4 24.Rd2 Rfd8 25.Nd6 c5 26.a3 Nc6 27.Rbd1 Rb3 28.Ne4 Rxd2+ 29.Rxd2 Ne5
30.Nxc5 Rxf3+ 31.Kg2 Rf5 32.Rd4 Rg5+ 33.Kf1 Ng4 34.Ne4 Nxh2+ 35.Kf2 Ng4+
36.Ke2 Rh5  1/2-1/2

[Event "XXXVI Bosnia GMB"]
[Site "Sarajevo BIH"]
[Date "2006.05.14"]
[Round "7"]
[White "Stojanovski,D"]
[Black "Jankovic,A"]
[Result "1/2-1/2"]
[WhiteElo "2384"]
[BlackElo "2516"]

1.e4 c5 2.Nf3 Nc6 3.Nc3 d6 4.d4 cxd4 5.Nxd4 Nf6 6.Bg5 e6 7.Qd2 a6 8.O-O-O Bd7
9.f4 b5 10.Bxf6 gxf6 11.Nxc6 Bxc6 12.Qe3 Qe7 13.Bd3 b4 14.Ne2 Qa7 15.Nd4 Qc5
16.Rhe1 Bb7 17.Qh3 Qc7 18.Qh5 O-O-O 19.Qe2 Qb6 20.Bc4 a5 21.Qh5 Qc7 22.Bxe6+ fxe6
23.Nxe6 Qb6 24.Nxd8 Qxd8 25.e5 fxe5 26.Rxe5 Be7 27.Qf7 Bf6 28.Qe6+ Kc7 29.Qf7+ Kb8
30.Rb5 Qe7 31.Qxe7 Bxe7 32.g3 Kc7 33.Rxa5 d5 34.Raxd5 Bxd5 35.Rxd5 Rf8 36.c3 bxc3
37.bxc3 Ra8 38.Rh5 Rxa2 39.Rxh7 Kd6 40.Rh5  1/2-1/2

[Event "ch-UKR sf"]
[Site "Alushta UKR"]
[Date "2006.05.17"]
[Round "5"]
[White "Shkuro,I"]
[Black "Kucherenko,D"]
[Result "1-0"]
[WhiteElo "2487"]
[BlackElo "2353"]

1.e4 c5 2.Nc3 Nc6 3.Bb5 Nd4 4.Bc4 e6 5.Nf3 Nf6 6.O-O a6 7.d3 b5 8.Bb3 Nxb3
9.axb3 Bb7 10.e5 b4 11.Na4 Nd5 12.d4 d6 13.Bg5 Qc7 14.c4 bxc3 15.bxc3 dxe5
16.dxe5 h6 17.Bh4 Nf4 18.Ne1 Ng6 19.Bg3 h5 20.h3 h4 21.Bh2 Rd8 22.Qe2 Ne7
23.Nb2 Nf5 24.Nc4 Be7 25.Nc2 O-O 26.N2e3 Nxe3 27.fxe3 Rd7 28.Nd6 Bxd6 29.exd6 Qc6
30.Ra4 Qb5 31.Qd1 Qc6 32.Qc2 g5 33.Rf6 Rxd6 34.Rg4 Rd5 35.e4 Rd7 36.Rxg5+ Kh7
37.Qe2  1-0

[Event "ch-UKR sf"]
[Site "Alushta UKR"]
[Date "2006.05.18"]
[Round "6"]
[White "Shkuro,I"]
[Black "Kozlov,Y"]
[Result "1-0"]
[WhiteElo "2487"]
[BlackElo "2323"]

1.e4 c5 2.Nc3 Nc6 3.Bb5 Nd4 4.Bc4 e6 5.Nf3 Nf6 6.O-O a6 7.d3 b5 8.Bb3 Nxb3
9.axb3 Bb7 10.e5 Nd5 11.Nxd5 Bxd5 12.c4 Bb7 13.d4 d6 14.dxc5 dxc5 15.Qe2 Qb6
16.Rd1 Be7 17.Bg5 h6 18.Bxe7 Kxe7 19.Rd6 Qc7 20.Rad1 Rhd8 21.Qd3 Bc6 22.Ne1 Rab8
23.Qh7 Rg8 24.Nd3 bxc4 25.Nxc5 Bb5 26.b4 a5 27.Qe4 axb4 28.Qh4+ g5 29.Qd4 Rgd8
30.h4 Rdc8 31.Na6 Bxa6 32.Rd7+ Ke8 33.Rxc7 Rxc7 34.Qd6 Rbc8 35.Qxa6 b3 36.Qa4+ Ke7
37.Qb4+ Ke8 38.Qc3 Kf8 39.hxg5 hxg5 40.Rd4  1-0

[Event "ch-UKR sf"]
[Site "Alushta UKR"]
[Date "2006.05.19"]
[Round "7"]
[White "Tukhaev,A"]
[Black "Zhornik,N"]
[Result "1/2-1/2"]
[WhiteElo "2466"]
[BlackElo "2313"]

1.e4 c5 2.Nf3 Nc6 3.Nc3 e5 4.Bc4 Be7 5.d3 Nf6 6.Ng5 O-O 7.f4 d6 8.f5 d5 9.Nxd5 Nxd5
10.Nxf7 Kxf7 11.Bxd5+ Ke8 12.Qh5+ Kd7 13.Qxh7 Bf6 14.Qh5 Kc7 15.Be3 Nd4 16.O-O-O Nxf5
17.Bxc5 Ne7 18.d4 Qe8 19.Qe2 exd4 20.Qc4 b5 21.Bd6+ Kxd6 22.Qb4+ Kc7 23.Bxa8 Bg4
24.Rdf1 Qxa8 25.Rxf6 gxf6 26.Qxe7+ Bd7 27.Qc5+ Bc6 28.Rf1 Kb7 29.Qe7+ Kb6
30.Rxf6 Rxf6 31.Qxf6 Qg8 32.Qxd4+ Kb7 33.g3 Qg4 34.a4 bxa4 35.Qb4+ Kc7 36.Qe7+ Kb6
37.Qb4+ Kc7 38.Qa5+ Kb7 39.Qb4+  1/2-1/2

[Event "3rd All-China Games"]
[Site "Suzhou CHN"]
[Date "2006.05.22"]
[Round "5"]
[White "Gu Xiaobing"]
[Black "Ning Chunhong"]
[Result "1-0"]
[WhiteElo "2371"]
[BlackElo "2363"]

1.e4 c5 2.Nc3 Nc6 3.Bb5 d6 4.Bxc6+ bxc6 5.Nge2 e5 6.d3 Be7 7.O-O Nf6 8.f4 exf4
9.Bxf4 O-O 10.Ng3 Bg4 11.Qe1 Nh5 12.Nxh5 Bxh5 13.Qg3 Bg6 14.Rad1 Bh4 15.Qf3 Bf6
16.Na4 Re8 17.Rfe1 Rb8 18.b3 Rb7 19.Re2 Rbe7 20.Rde1 Re6 21.Bc1 Bd4+ 22.Kh1 Qh4
23.Qf4 Qxf4 24.Bxf4 Bh5 25.Rd2 f5 26.h3 Bg6 27.c3 Bf6 28.e5 Bxe5 29.Rde2 Kf7
30.Bxe5 Rxe5 31.Rxe5 dxe5 32.Nxc5 e4 33.d4 Kf6 34.g3 Rd8 35.Kg2 Bf7 36.Kf2 g5
37.g4 Re8 38.Nd7+ Ke6 39.Ne5 Bg6 40.gxf5+ Bxf5 41.Nxc6 Rc8 42.c4 Bxh3 43.d5+ Kd6
44.Rxe4 a6 45.b4 h5 46.Ne7 Rf8+ 47.Kg3 Bf1 48.c5+ Kd7 49.Ng6 Rf5 50.d6 Bb5
51.Ne5+ Ke6 52.Nf3+ Kd7 53.Nd4  1-0

[Event "37th Olympiad w"]
[Site "Turin ITA"]
[Date "2006.05.23"]
[Round "3"]
[White "Zigangirova,S"]
[Black "Umudova,N"]
[Result "0-1"]
[WhiteElo "2314"]
[BlackElo "2176"]

1.e4 c5 2.Nf3 Nc6 3.Nc3 Nf6 4.e5 Ng4 5.Qe2 Qc7 6.Nd5 Qb8 7.d4 cxd4 8.Bf4 e6
9.h3 Nb4 10.hxg4 Nxd5 11.Bd2 d6 12.exd6 Qxd6 13.Nxd4 Bd7 14.O-O-O Qb6 15.c3 O-O-O
16.Nf3 f6 17.g5 e5 18.gxf6 gxf6 19.g3 Bc5 20.Bh6 Nxc3 21.bxc3 Ba3+ 22.Kd2 Ba4+
23.Nd4 Bxd1 24.Bh3+ Kb8 25.Qxd1 exd4 26.c4 Qb4+  0-1

[Event "3rd All-China Games"]
[Site "Suzhou CHN"]
[Date "2006.05.24"]
[Round "8"]
[White "Wang Hao"]
[Black "Yu Lie"]
[Result "1-0"]
[WhiteElo "2605"]
[BlackElo "2334"]

1.e4 c5 2.Nf3 Nc6 3.Nc3 e5 4.Bc4 Be7 5.d3 d6 6.O-O Nf6 7.Ng5 O-O 8.f4 Bg4
9.Qe1 exf4 10.Bxf4 Nd4 11.Qd2 Qd7 12.Be3 h6 13.Nf3 Nxf3+ 14.gxf3 Bh3 15.Rf2 Kh7
16.Kh1 Be6 17.Bxe6 fxe6 18.Rg1 Ng8 19.Rff1 Bf6 20.f4 Ne7 21.Qg2 g6 22.e5 dxe5
23.Bxc5 exf4 24.Bxe7 Qxe7 25.Qxg6+ Kh8 26.Qxh6+ Qh7 27.Qxh7+ Kxh7 28.Rxf4 Rad8
29.Ne4 Be7 30.Rfg4 Rg8 31.Rxg8 Rxg8 32.Rxg8 Kxg8 33.Kg2 Kf7 34.Kf3 Kg6 35.Kf4 Bf8
36.Ke5 Bg7+ 37.Kxe6 Bxb2 38.Nd6 Kg5 39.Nxb7 Kf4 40.c4  1-0

[Event "3rd All-China Games"]
[Site "Suzhou CHN"]
[Date "2006.05.24"]
[Round "8"]
[White "Wu Xibin"]
[Black "Ning Chunhong"]
[Result "1-0"]
[WhiteElo "2394"]
[BlackElo "2363"]

1.e4 c5 2.Nc3 Nc6 3.Nge2 Nf6 4.d4 cxd4 5.Nxd4 e5 6.Ndb5 d6 7.Bg5 a6 8.Na3 b5
9.Nd5 Qa5+ 10.Bd2 Qd8 11.Bd3 Nxd5 12.exd5 Ne7 13.c4 g6 14.cxb5 Bg7 15.bxa6 O-O
16.Nb5 Bxa6 17.a4 Nxd5 18.O-O Qh4 19.g3 Qh3 20.Be4 Bxb5 21.axb5 Rxa1 22.Qxa1 Nf6
23.Bg2 Qd7 24.Qa6 d5 25.Rc1 h5 26.Qc6 Qf5 27.Bb4 Ng4 28.Qc2 Qxc2 29.Rxc2 Rb8
30.Bf1 e4 31.Bd6 Rb6 32.Bc7 Rb7 33.b6 Bd4 34.h3 Ne5 35.Ba6 Rxb6 36.Bxb6 Bxb6
37.Bb7 e3 38.fxe3 Bxe3+ 39.Kf1 d4 40.Ba6 h4 41.gxh4 d3 42.Bxd3 Nxd3 43.Ke2 Nxb2
44.Kxe3 Na4 45.Rc6 Kg7 46.Kd4 Kh6 47.Ra6  1-0

[Event "Muresul Cup"]
[Site "Arad ROM"]
[Date "2006.05.25"]
[Round "8"]
[White "Kosanovic,G"]
[Black "Landenbergue,C"]
[Result "1/2-1/2"]
[WhiteElo "2414"]
[BlackElo "2435"]

1.e4 c5 2.Nc3 Nc6 3.Nge2 Nf6 4.d4 cxd4 5.Nxd4 d6 6.Bg5 e6 7.Qd2 a6 8.O-O-O Bd7
9.f4 h6 10.Bxf6 Qxf6 11.Nxc6 Bxc6 12.Bd3 Qd8 13.Kb1 Qa5 14.Rhe1 O-O-O 15.Qf2 Be7
16.Ne2 Bf6 17.c3 Qc5 18.Qf1 e5 19.Ng3 h5 20.Qf3 exf4 21.Qxf4 Rhe8 22.Qf3 Re5
23.Nf5 d5 24.Nd4 dxe4 25.Bxe4 Bxe4+ 26.Rxe4 Rxe4 27.Qxe4 Qd5 28.Qe2 Bxd4
29.cxd4 g6 30.h3  1/2-1/2

[Event "I Magistral"]
[Site "Guarapari BRA"]
[Date "2006.05.26"]
[Round "5"]
[White "Rodriguez,And URU"]
[Black "Stamenkovic,Dr"]
[Result "1-0"]
[WhiteElo "2502"]
[BlackElo "2334"]

1.e4 c5 2.Nc3 Nc6 3.Nge2 g6 4.d4 cxd4 5.Nxd4 Bg7 6.Nb3 Nf6 7.g4 h6 8.Be2 d6
9.f4 Be6 10.f5 Bxb3 11.axb3 Qb6 12.Ra4 a6 13.fxg6 fxg6 14.Qd3 Nb4 15.Rxb4 Qxb4
16.e5 Ne4 17.O-O Bxe5 18.Nxe4 Qd4+ 19.Nf2 Qxd3 20.Nxd3 Bd4+ 21.Kg2 g5 22.c3 Bg7
23.h4 gxh4 24.Nf4 Kd7 25.Ng6 Rhc8 26.Rf7 Bf6 27.Bxh6 Rg8 28.Bd3 Ke6 29.Rh7 Rae8
30.Kh3 d5 31.c4 Kd6 32.cxd5 b5 33.Be4 Bxb2 34.Bf4+ Kc5 35.Nxe7 Rg7 36.Be3+ Kb4
37.Rxg7 Bxg7 38.d6 Kxb3 39.d7 Rd8 40.Bf5 Bf6 41.Nc6 Rf8 42.Bh6 Rh8 43.g5 Bc3
44.g6 a5 45.g7 Ra8 46.Be6+ Kc2 47.g8=Q Rxg8 48.Bxg8 Bf6 49.Bg7 Bg5 50.Kg4  1-0

[Event "Open"]
[Site "Chicago USA"]
[Date "2006.05.28"]
[Round "6"]
[White "Stripunsky,A"]
[Black "Van de Mortel,J"]
[Result "1/2-1/2"]
[WhiteElo "2569"]
[BlackElo "2412"]

1.e4 c5 2.Nc3 Nc6 3.Bb5 Nd4 4.Bc4 g6 5.Nf3 Bg7 6.Nxd4 cxd4 7.Qf3 Nh6 8.Ne2 O-O
9.d3 Ng4 10.Bb3 d6 11.Qg3 a5 12.a4 Nf6 13.Qh4 d5 14.exd5 Nxd5 15.Nxd4 Nb4
16.Nf3 Qc7 17.O-O Nxc2 18.Rb1 Nb4 19.Bh6 Qd6 20.Rbe1 Nc6 21.Bxg7 Kxg7 22.d4 Qf6
23.Qxf6+ Kxf6 24.d5 Nb4 25.Re3 Rd8 26.Rd1 Bg4 27.Rd4 Bxf3 28.Rf4+ Kg7 29.Rexf3 f5
30.g4 Nxd5 31.Bxd5 Rxd5 32.gxf5 Rf8 33.Rb3 Rfxf5 34.Rxf5 gxf5 35.Rxb7 Kf6
36.Kg2 Rd4 37.b3 Rd3 38.h4 f4 39.Rb6+  1/2-1/2

[Event "37th Olympiad w"]
[Site "Turin ITA"]
[Date "2006.05.28"]
[Round "7"]
[White "Kosintseva,N"]
[Black "Hagarova,Z"]
[Result "1-0"]
[WhiteElo "2469"]
[BlackElo "2377"]

1.e4 c5 2.Nf3 Nc6 3.Nc3 g6 4.d4 cxd4 5.Nxd4 Bg7 6.Be3 Nf6 7.Bc4 O-O 8.Bb3 d6
9.f3 Bd7 10.Qd2 Rc8 11.O-O-O Ne5 12.Kb1 Nc4 13.Bxc4 Rxc4 14.h4 b5 15.h5 b4
16.Nd5 e6 17.Nxb4 a5 18.Nd3 Nxh5 19.c3 Re8 20.g4 Nf6 21.Ne2 Qb8 22.g5 Nh5
23.Ndf4 Nxf4 24.Bxf4 e5 25.Be3 Rc6 26.Rh2 Be6 27.Rdh1 Rec8 28.Rxh7 Qb5 29.Nd4 Qc4
30.Nxe6 fxe6 31.Ka1 R8c7 32.Qh2 Qd3 33.Rh8+ Kf7 34.Qh7 Rc8 35.Qxg7+  1-0

[Event "37th Olympiad w"]
[Site "Turin ITA"]
[Date "2006.05.29"]
[Round "8"]
[White "Sabirova,O"]
[Black "Cmilyte,V"]
[Result "0-1"]
[WhiteElo "2212"]
[BlackElo "2470"]

1.e4 c5 2.Nc3 Nc6 3.Bb5 Nd4 4.Bc4 g6 5.Nf3 Bg7 6.Nxd4 cxd4 7.Qf3 Nh6 8.Ne2 O-O
9.d3 Ng4 10.Bb3 d6 11.Qg3 Nf6 12.O-O a5 13.a4 Nd7 14.Bg5 Nc5 15.Qh4 Re8 16.Bd5 Be6
17.Bxe6 Nxe6 18.Bh6 Bf6 19.Qg3 Qb6 20.b3 Qc5 21.Ra2 Qh5 22.Bc1 Qxe2 23.f3 Be5
24.Qh4 g5 25.Qh5 Bf4 26.Bxf4 Qxg2+  0-1

[Event "37th Olympiad w"]
[Site "Turin ITA"]
[Date "2006.05.29"]
[Round "8"]
[White "Paehtz,E"]
[Black "Hagarova,Z"]
[Result "1/2-1/2"]
[WhiteElo "2438"]
[BlackElo "2377"]

1.e4 c5 2.Nc3 Nc6 3.Bb5 d6 4.d4 cxd4 5.Qxd4 Bd7 6.Bxc6 Bxc6 7.Bg5 h6 8.Be3 Nf6
9.f4 Qa5 10.O-O-O Ng4 11.Nf3 e5 12.Qd2 Nxe3 13.Qxe3 exf4 14.Qxf4 Be7 15.Kb1 O-O
16.Nd5 Rfe8 17.g4 Bxd5 18.Rxd5 Qb4 19.c3 Bg5 20.Qxf7+ Kxf7 21.cxb4 Bf6 22.Nd2 Rac8
23.h4 Re6 24.Rh3 Kg6 25.h5+ Kh7 26.Rhd3 Bg5 27.Rc3 Rf8 28.Nf3 Rxe4 29.Nxg5+ hxg5
30.Rxg5 Rf2 31.a3 Ree2 32.Rc7 Rxb2+ 33.Kc1 Ra2 34.Rcxg7+ Kh8 35.Rg8+ Kh7
36.R5g7+ Kh6 37.Rg6+  1/2-1/2

[Event "37th Olympiad w"]
[Site "Turin ITA"]
[Date "2006.05.29"]
[Round "8"]
[White "Ellappen,J"]
[Black "Siti,Z"]
[Result "0-1"]
[WhiteElo "1934"]
[BlackElo "2169"]

1.e4 c5 2.Nf3 Nc6 3.Nc3 g6 4.d4 cxd4 5.Nxd4 Bg7 6.Be3 Nf6 7.f3 O-O 8.Qd2 d5
9.O-O-O dxe4 10.Nxc6 Qxd2+ 11.Rxd2 bxc6 12.Nxe4 Nd5 13.Bc5 Bh6 14.Kd1 Bxd2
15.Kxd2 Re8 16.c4 Nf6 17.Nf2 a5 18.g4 Be6 19.Kc3 Nd7 20.Be3 f5 21.h4 fxg4
22.fxg4 Ne5 23.Be2 Rf8 24.g5 Bf5 25.h5 Nf7 26.Ng4 Bxg4 27.Bxg4 e5 28.Bc5 Nxg5
29.Bxf8 Rxf8 30.hxg6 hxg6 31.Re1 Rf4 32.Bd7 Ne4+ 33.Kc2 Rf2+ 34.Kd1 Rd2+
35.Kc1 Rxd7 36.Rxe4 Re7 37.c5 Kf7 38.Ra4 Ra7 39.b4 Ke6 40.Kd2 Kd5 41.Kd3 g5
42.a3 g4 43.bxa5 g3 44.Rg4 Rxa5 45.a4 g2 46.Rxg2 Rxa4 47.Rc2 Ra3+ 48.Kd2 Ra5  0-1

[Event "37th Olympiad w"]
[Site "Turin ITA"]
[Date "2006.05.30"]
[Round "9"]
[White "Majdan,J"]
[Black "Lallemand,R"]
[Result "1/2-1/2"]
[WhiteElo "2297"]
[BlackElo "2243"]

1.e4 c5 2.Nc3 Nc6 3.Nf3 d6 4.d4 cxd4 5.Nxd4 Nf6 6.Bg5 e6 7.Qd2 a6 8.O-O-O Bd7
9.f3 Be7 10.Be3 b5 11.Nxc6 Bxc6 12.g4 Qc7 13.a3 Rb8 14.g5 Nd7 15.Ne2 a5 16.Nd4 b4
17.axb4 axb4 18.Bc4 Ne5 19.Qe2 Bd7 20.Bb3 O-O 21.h4 Nc6 22.Qc4 Rfc8 23.Nxc6 Bxc6
24.h5 Qa5 25.g6 Bd5 26.Rxd5 Qa1+ 27.Kd2 Qxh1 28.gxf7+ Kh8 29.Rb5 Qg2+ 30.Kc1 Qh1+
31.Kd2 Qg2+ 32.Kc1 Qh1+ 33.Kd2 Qg2+  1/2-1/2

[Event "37th Olympiad w"]
[Site "Turin ITA"]
[Date "2006.05.31"]
[Round "10"]
[White "Seps,M"]
[Black "Zuriel,M"]
[Result "0-1"]
[WhiteElo "2247"]
[BlackElo "2214"]

1.e4 c5 2.Nc3 Nc6 3.Nge2 d6 4.d4 cxd4 5.Nxd4 Nf6 6.Bg5 e6 7.Qd2 a6 8.O-O-O Bd7
9.f3 Be7 10.h4 h6 11.Be3 Qc7 12.Kb1 Nxd4 13.Bxd4 b5 14.g4 b4 15.Ne2 e5 16.Be3 a5
17.Bh3 Rb8 18.g5 hxg5 19.Bxd7+ Nxd7 20.hxg5 Rxh1 21.Rxh1 Qc6 22.g6 fxg6 23.Ng3 a4
24.Rh8+ Nf8 25.f4 exf4 26.Bxf4 a3 27.b3 Rb5 28.Qd3 Kf7 29.Ne2 Ne6 30.Rh1 Rb6
31.Be3 Rb8 32.c4 Bf6 33.Rg1 Nc5 34.Bxc5 Qxc5 35.Qd5+ Qxd5 36.exd5 Re8 37.Nf4 Re4
38.Nd3 Bc3 39.Rf1+ Ke7 40.Rd1 Re2 41.Nf4 Rb2+ 42.Kc1 Rxa2 43.Rd3 Bd2+  0-1

[Event "37th Olympiad w"]
[Site "Turin ITA"]
[Date "2006.06.02"]
[Round "11"]
[White "Hagarova,Z"]
[Black "Sikorova,O"]
[Result "1-0"]
[WhiteElo "2377"]
[BlackElo "2276"]

1.e4 c5 2.Nc3 Nc6 3.Nf3 g6 4.d4 cxd4 5.Nxd4 Bg7 6.Be3 Nf6 7.Bc4 Qa5 8.O-O O-O
9.Re1 d6 10.h3 Bd7 11.Nb3 Qc7 12.Bf1 Rfc8 13.Bg5 Be6 14.Nd5 Bxd5 15.exd5 Ne5
16.c4 Nxc4 17.Rc1 b5 18.Nd2 h6 19.Bxf6 Bxf6 20.b3 Qa5 21.bxc4 Qxa2 22.cxb5 Qxd5
23.Nf3 Qxd1 24.Rexd1 Bb2 25.Rb1 Ba3 26.Rb3 Bc5 27.Nd4 Kg7 28.Nc6 e6 29.Nb4 d5
30.Nd3 Bb6 31.Ne5 Rc7 32.Nc6 Rac8 33.Ra3 Rd7 34.Rd2 Rcc7 35.g3 Rb7 36.Kg2 Rbc7
37.Ra4 Kf6 38.Rf4+ Kg7 39.Ra2 Rb7 40.Ra3 Bc7 41.Rfa4 Bb6 42.Ra6 Bc5 43.Ra2 Kf6
44.Kf3 Rdc7 45.h4 h5 46.Bd3 Rd7 47.Kg2 Kg7 48.f4 Be3 49.Kf3 Bc5 50.Be2 f5
51.Bd3 Kf6 52.Re2 Bb6 53.Kg2 Rdc7 54.Nd8 Rb8 55.Rxe6+ Kg7 56.Nc6 Rf8 57.Ra2 Rf6
58.Rae2 Bc5 59.Rxf6 Kxf6 60.Re5 Rd7 61.Re8 Bb6 62.Kf3 Rd6 63.Ne5 Bd4 64.Rf8+ Kg7
65.Rf7+ Kg8 66.Rc7  1-0